| 000 | 00813aam a2200337 4500 | ||
|---|---|---|---|
| 005 | 20260303151257.0 | ||
| 008 | 150408b2005 xxu||||| |||| 00| 0 spa d | ||
| 020 | _a9687804866 | ||
| 041 | _aESP | ||
| 082 | _a364.1 J61i2 | ||
| 100 |
_aJiménez Martínez, Javier _932298 |
||
| 245 | _aIntroducción a la teoría del delito. | ||
| 260 | _aMéxico | ||
| 260 | _bAngel Editor | ||
| 260 | _c2005 | ||
| 300 | _a613 páginas | ||
| 490 | _aInvestigación Criminal | ||
| 650 | _aDELITOS | ||
| 650 | _aDOCMATICA | ||
| 650 | _aCAUSALISMO | ||
| 650 | _aCULPABILIDAD | ||
| 650 | _aMETODO ONTOLOGICO | ||
| 650 | _aFINALISMO | ||
| 650 | _aCRITICA | ||
| 650 | _aESCUELAS | ||
| 650 | _aNEXO CASUAL | ||
| 650 | _aTIPICIDAD | ||
| 650 | _aANTIJURICIDAD | ||
| 650 | _aACCION DOLOSA | ||
| 942 |
_cBK _2ddc |
||
| 999 |
_c4366 _d4366 |
||